Southville International School and Colleges
Your cart is empty.
  • Cart
  • Lists
    Public lists Eva Luna New books Lux_list list_1
    Your lists Log in to create your own lists
  • Log in to your account
  • Your cookies
  • Search history
Southville International School and Colleges
  • Advanced search
  • Recent comments
  • Most popular
  • Libraries

Log in to your account

Log in with GOOGLE


If you do not have an external account, but do have a local account, you can still log in:

  1. Home
  2. MARC view: Othello /
Normal view MARC view ISBD view

Othello / (Record no. 9353)

[ view plain ]
MARC details
000 -LEADER
fixed length control field 00971cam a2200301 a 4500
001 - CONTROL NUMBER
control field 1001534
003 - CONTROL NUMBER IDENTIFIER
control field SISC
005 - DATE AND TIME OF LATEST TRANSACTION
control field 20160307103042.0
008 - FIXED-LENGTH DATA ELEMENTS--GENERAL INFORMATION
fixed length control field 860922s1968 enkg b 000 0 eng c
010 ## - LIBRARY OF CONGRESS CONTROL NUMBER
LC control number 86673445
020 ## - INTERNATIONAL STANDARD BOOK NUMBER
International Standard Book Number 0174434650 (pbk.)
040 ## - CATALOGING SOURCE
Original cataloging agency MH
Transcribing agency MH
Modifying agency DLC
050 14 - LIBRARY OF CONGRESS CALL NUMBER
Classification number PR 2829
Item number .Sh527Ot 1997
082 ## - DEWEY DECIMAL CLASSIFICATION NUMBER
Classification number HS 822.33T7
Item number Sh1 1997
100 1# - MAIN ENTRY--PERSONAL NAME
Personal name Shakespeare, William
Dates associated with a name 1564-1616.
9 (RLIN) 12847
245 10 - TITLE STATEMENT
Title Othello /
Statement of responsibility, etc [William Shakespeare] ; edited by E. A. J. Honigmann
260 ## - PUBLICATION, DISTRIBUTION, ETC. (IMPRINT)
Place of publication, distribution, etc Mayfield Road :
Name of publisher, distributor, etc Thomas Nelson & Sons Ltd.,
Date of publication, distribution, etc c1997.
300 ## - PHYSICAL DESCRIPTION
Extent xvi, 409 p. :
Dimensions 20 cm.
Other physical details ill. ;
490 ## - SERIES STATEMENT
Series statement The Arden Shakespeare
650 #0 - SUBJECT ADDED ENTRY--TOPICAL TERM
Topical term or geographic name as entry element Othello (Fictitious character)
Form subdivision Drama.
9 (RLIN) 12849
650 #0 - SUBJECT ADDED ENTRY--TOPICAL TERM
Topical term or geographic name as entry element Interracial marriage
Form subdivision Drama.
9 (RLIN) 12850
650 #0 - SUBJECT ADDED ENTRY--TOPICAL TERM
Topical term or geographic name as entry element Jealousy
Form subdivision Drama.
9 (RLIN) 12851
651 #0 - SUBJECT ADDED ENTRY--GEOGRAPHIC NAME
Geographic name Venice (Italy)
Form subdivision Drama.
9 (RLIN) 12853
655 #7 - INDEX TERM--GENRE/FORM
Genre/form data or focus term Tragedies.
Source of term gsafd
9 (RLIN) 7803
906 ## - LOCAL DATA ELEMENT F, LDF (RLIN)
a 7
b cbc
c orignew
d u
e ncip
f 19
g y-gencatlg
942 ## - ADDED ENTRY ELEMENTS (KOHA)
Source of classification or shelving scheme Library of Congress Classification
Koha item type Books
Holdings
Withdrawn status Lost status Source of classification or shelving scheme Damaged status Home library Current library Shelving location Date acquired Total Checkouts Full call number Barcode Date last seen Date checked out Copy number Price effective from Koha item type
    Library of Congress Classification   Luxembourg Library Luxembourg Library High School Section 08/24/2013 1 PR 2829 .Sh527Ot 1997 3216 09/12/2025 08/29/2025 1 08/24/2013 Books

Othello /

APA

Shakespeare W., . (1997). Othello. Mayfield Road: Thomas Nelson & Sons Ltd.

Chicago

Shakespeare William, . 1997. Othello. Mayfield Road: Thomas Nelson & Sons Ltd.

Harvard

Shakespeare W., . (1997). Othello. Mayfield Road: Thomas Nelson & Sons Ltd.

MLA

Shakespeare William, . Othello. Mayfield Road: Thomas Nelson & Sons Ltd. 1997.

  • Place hold
  • Print
  • Cite
  • Add to your cart (remove)
  • Save record
    BIBTEX Dublin Core MARCXML MARC (non-Unicode/MARC-8) MARC (Unicode/UTF-8) MARC (Unicode/UTF-8, Standard) MODS (XML) RIS
  • More searches
    Search for this title in:
    Other Libraries (WorldCat) Other Databases (Google Scholar) Online Stores (Bookfinder.com) Open Library (openlibrary.org)

Exporting to Dublin Core...

SOUTHVILLE LIBRARY

Southville International School and Colleges Library

1281 Tropical Ave. Cor. Luxembourg St., BF Homes International, Las Pinas City

Tel. No. 8256374 / 252358 Loc. 117/146

Powered by Koha